[Event "Tatry Open"]
[Site "Tatranske Zruby SVK"]
[Date "2011.09.26"]
[Round "2.8"]
[White "Sikora,J"]
[Black "Michenka,J"]
[Result "1/2-1/2"]
[WhiteElo "2251"]
[BlackElo "2346"]

1.e4 c5 2.Nf3 Nc6 3.Nc3 e5 4.Bc4 Be7 5.d3 d6 6.Nd2 Nf6 7.Nf1 Bg4 8.f3 Be6
9.Ne3 O-O 10.Ned5 Nd7 11.O-O Nb6 12.Be3 Nxc4 13.dxc4 Bg5 14.Qd2 Bxe3+ 15.Nxe3 Qd7
16.Rfd1 Rfd8 17.Nb5 Qe7 18.c3 Rd7 19.Na3 Qg5 20.Nd5 h6 21.Nc2 Rad8 22.Qxg5 hxg5
23.Nce3 Ne7 24.Nxe7+ Rxe7 25.Rd2 Red7 26.Rad1 g6 27.g4 f6 28.Kf2 Kf7 29.Kg3 Ke7
30.Rh1 Rh8 31.h4 gxh4+ 32.Rxh4 Rxh4 33.Kxh4 Rd8 34.Rd1 Kd7 35.Kg3 Rh8 36.b3 Kc6
37.Rf1 g5 38.a4 a5 39.Rb1 b6 40.Kg2 Kd7 41.Nf1 Ke7 42.Ng3 Kd7 43.Rh1 Rxh1
44.Kxh1 Kd8 45.Kg2 Kd7 46.Kf2 Kd8 47.Ke3 Kd7 48.Kd3 Kd8 49.Nf1 Kd7 50.Ne3 Kc6
51.Nc2 Kc7 52.Na3 Kc6 53.Kc2 Bd7 54.Nb1 Be6 55.Nd2 Kc7 56.Kb2 Kc6 57.Ka3 Kc7
58.b4 Kc6 59.Kb3 Kc7 60.Nf1 Kc6 61.Ne3 Kb7 62.Kb2 Kc7 63.Ka3 Kc6 64.Kb2 Kc7  1/2-1/2

[Event "Tatry Open"]
[Site "Tatranske Zruby SVK"]
[Date "2011.09.27"]
[Round "4.13"]
[White "Kernazhitsky,L"]
[Black "Volodin,V"]
[Result "1-0"]
[WhiteElo "2308"]
[BlackElo "2210"]

1.e4 c5 2.Nc3 Nc6 3.Bb5 g6 4.Bxc6 dxc6 5.d3 Bg7 6.Be3 b6 7.Qd2 e5 8.Nge2 Be6
9.b3 Nf6 10.h3 Qe7 11.Bh6 Bxh6 12.Qxh6 Nd7 13.O-O g5 14.Ng3 Qf6 15.Qxf6 Nxf6
16.Nd1 h5 17.Ne3 h4 18.Ngf5 O-O-O 19.a3 Kc7 20.Rfd1 Rdg8 21.f3 Nd7 22.Kf2 a5
23.a4 f6 24.Ke2 Ra8 25.Kd2 Nf8 26.Ng4 Nd7 27.Kc3 Bxf5 28.exf5 Kd6 29.Ne3 b5
30.Ng4 Rhf8 31.Nf2 b4+ 32.Kd2 Rfb8 33.Re1 Ke7 34.Re4 Nb6 35.Rae1 Kf7 36.Rc1 Rd8
37.Ke1 Rd5 38.Re2 Rad8 39.Ne4 Nd7 40.Rd2 Rb8 41.Ke2 Ke7 42.c3 bxc3 43.Rxc3 Rb4
44.Rdc2 Rb6 45.Nxc5 Nxc5 46.Rxc5 Kd6 47.R5c4 Rd4 48.Kd2 Rxc4 49.bxc4 Rb3
50.Ra2 Kc5 51.Kc2 Kb4 52.Ra1 Rc3+ 53.Kd2 Ra3 54.Rb1+ Rb3 55.Ra1 Rb2+ 56.Ke3 Rxg2
57.Rb1+ Kc5 58.Rb7 Rh2 59.Rf7 Rxh3 60.Kf2 Rh2+ 61.Ke3 Rh1 62.Rxf6 h3 63.Rh6 Rh2
64.Re6 Rb2 65.Rxe5+ Kd6 66.Re6+ Kd7 67.Rh6 h2 68.Kd4 Rf2 69.Rh7+ Kd8 70.Ke3 Ra2
71.f6 Ke8 72.Ke4 Rf2 73.d4 Kf8 74.Kf5 Rxf3+ 75.Kg6 Kg8 76.Rxh2  1-0

[Event "8th Highlands Open"]
[Site "Zdar nad Sazavou CZE"]
[Date "2011.09.27"]
[Round "4"]
[White "Balazec,L"]
[Black "Vecera,Pa"]
[Result "0-1"]
[WhiteElo "2024"]
[BlackElo "2203"]

1.e4 c5 2.Nc3 Nc6 3.Nge2 Nf6 4.d4 cxd4 5.Nxd4 d6 6.Bg5 e6 7.Bb5 Bd7 8.Bxc6 bxc6
9.Qf3 e5 10.Nf5 Bxf5 11.Qxf5 Be7 12.O-O-O Rb8 13.Rd3 O-O 14.Rhd1 Qb6 15.b3 Qa5
16.Bxf6 Bxf6 17.Rh3 h6 18.Kb2 Bg5 19.Rxd6 Qc5 20.Rdd3 g6 21.Qf3 Rfd8 22.Qe2 Rd4
23.Rd1 Kg7 24.Rhd3 Be7 25.Nb1 Qa5 26.Rxd4 exd4 27.e5 Rd8 28.f4 Bb4 29.a3 Bc3+
30.Ka2 Rd5 31.Nxc3 Qxc3 32.Rd3 Qc5 33.Qd2 a5 34.g4 a4 35.h4 axb3+ 36.cxb3 Rd8
37.Kb2 Qd5 38.Qc1 c5 39.Rd2 Rb8 40.Ka2 Qf3 41.f5 Qxg4 42.fxg6 fxg6 43.Qxc5 Rd8
44.Qe7+  0-1

[Event "Tatry Open"]
[Site "Tatranske Zruby SVK"]
[Date "2011.09.28"]
[Round "5.8"]
[White "Banas,J"]
[Black "Vanka,M"]
[Result "1/2-1/2"]
[WhiteElo "2318"]
[BlackElo "2113"]

1.e4 c5 2.Nf3 Nc6 3.Nc3 e5 4.Bc4 d6 5.d3 Be7 6.h3 Nf6 7.O-O Be6 8.Nd5 a6
9.a4 Bxd5 10.exd5 Nb8 11.c3 O-O 12.Re1 Nbd7 13.d4 cxd4 14.cxd4 Rc8 15.Ba2 exd4
16.Nxd4 g6 17.Bh6 Re8 18.Qd2 Bf8 19.Ne6 Bxh6 20.Qxh6 fxe6 21.dxe6 d5 22.exd7 Qxd7
23.Qf4 Kg7 24.Qd4 Re6 25.Re3 Rce8 26.Rae1 Rxe3 27.Rxe3 Rxe3 28.fxe3 Qf5 29.a5 h5
30.Bb3 Kh7 31.Kh2 g5 32.Qc3 Kh6 33.Bc2 Qf2 34.Qe5 Ng4+  1/2-1/2

[Event "8th Highlands Open"]
[Site "Zdar nad Sazavou CZE"]
[Date "2011.09.28"]
[Round "6"]
[White "Balazec,L"]
[Black "Tesar,J"]
[Result "1-0"]
[WhiteElo "2024"]
[BlackElo "2106"]

1.e4 c5 2.Nc3 Nc6 3.Nge2 Nd4 4.d3 g6 5.Nxd4 cxd4 6.Ne2 Bg7 7.g3 d5 8.Bg2 dxe4
9.dxe4 Be6 10.O-O Qd7 11.Qd3 Rc8 12.b3 Rxc2 13.Ba3 Rc8 14.Rac1 Rd8 15.Rc2 Bg4
16.f3 Bh3 17.Bxh3 Qxh3 18.Rc7 Bh6 19.f4 Bg7 20.Rxb7 Kf8 21.Rxa7 h5 22.f5 g5
23.f6 Bxf6 24.Rxf6 Nxf6 25.Bxe7+ Kg7 26.Bxf6+ Kxf6 27.Qf3+ Ke5 28.Re7+ Kd6
29.Qf6+ Kc5 30.Rc7+ Kb5 31.Qc6+  1-0

[Event "ch-HUN w 2011"]
[Site "Szeged HUN"]
[Date "2011.09.29"]
[Round "3"]
[White "Gara,A"]
[Black "Domany,Z"]
[Result "1-0"]
[WhiteElo "2340"]
[BlackElo "2215"]

1.e4 c5 2.Nf3 Nc6 3.Nc3 e6 4.Bb5 Nge7 5.O-O a6 6.Bxc6 Nxc6 7.d4 cxd4 8.Nxd4 Be7
9.Nxc6 bxc6 10.e5 f5 11.Qh5+ g6 12.Qh6 Bf8 13.Qf4 d5 14.Na4 Rb8 15.Bd2 c5
16.c4 d4 17.b3 Bb7 18.Qg3 Qc7 19.Nb2 Bg7 20.Rfe1 O-O 21.f3 Bc6 22.Nd3 Qb6
23.h4 Rfc8 24.Re2 Be8 25.Qe1 Qd8 26.Rc1 Bf8 27.Bg5 Be7 28.Bxe7 Qxe7 29.Qa5 Ra8
30.a3 Qc7 31.Qxc7 Rxc7 32.b4 cxb4 33.axb4 Rac8 34.Nc5 a5 35.Nxe6 Rxc4 36.Rxc4 Rxc4
37.bxa5 d3 38.Rd2 Bb5 39.Kf2 Ra4 40.Ke3 Rxa5 41.Nc5 Kf7 42.Nb7 Ra4 43.Nd6+ Ke6
44.Nxb5 Kxe5 45.Rxd3 Rxh4 46.Nd4 f4+ 47.Kf2 Rh1 48.Ne2 g5 49.Nc3 Rc1 50.Ne2 Rh1
51.Rb3 Kf5 52.Rb5+ Kg6 53.Rb2 h6 54.Nc3 Rc1 55.Ne4 Rh1 56.Rd2 Kg7 57.Ke2 Ra1
58.Kd3 Ra4 59.Nc5 Rb4 60.Ne6+ Kg6 61.Nd4 Rb8 62.Re2 Rd8 63.Re6+ Kg7 64.Ke4 h5
65.Ke5 Rf8 66.Nf5+ Kg8 67.Rg6+  1-0

[Event "Tatry Open"]
[Site "Tatranske Zruby SVK"]
[Date "2011.09.30"]
[Round "7.17"]
[White "Partys,P"]
[Black "Belunek,V"]
[Result "1/2-1/2"]
[WhiteElo "2027"]
[BlackElo "2273"]

1.e4 c5 2.Nc3 Nc6 3.Bb5 Nd4 4.Bc4 e6 5.Nf3 Ne7 6.Nxd4 cxd4 7.Ne2 Qb6 8.d3 Nc6
9.O-O Be7 10.f4 Na5 11.b3 Nxc4 12.bxc4 d5 13.cxd5 exd5 14.e5 g6 15.Ng3 h5
16.f5 h4 17.f6 Bc5 18.Ne2 h3 19.g3 Bg4 20.Bf4 O-O-O 21.Rb1 Qe6 22.Qd2 g5
23.Bxg5 Qxe5 24.Nc1 Rde8 25.Bf4 Qe6 26.Nb3 Bb6 27.Rbe1  1/2-1/2

[Event "World Amateur Chess Championship"]
[Site "Antalya TUR"]
[Date "2011.10.01"]
[Round "1"]
[White "Aslanhan,H"]
[Black "Can,I"]
[Result "0-1"]
[WhiteElo "1782"]
[BlackElo "1997"]

1.e4 c5 2.Nc3 Nc6 3.Nge2 g6 4.g3 Bg7 5.Bg2 e6 6.d3 Nge7 7.O-O O-O 8.h3 a6
9.a4 Rb8 10.f4 d6 11.g4 Nd4 12.Ng3 f5 13.exf5 exf5 14.g5 b5 15.axb5 axb5
16.Nd5 Nxd5 17.Bxd5+ Be6 18.Bg2 b4 19.Re1 Re8 20.c3 Bb3 21.Rxe8+ Qxe8 22.Qd2 Nc2
23.Ra6 bxc3 24.bxc3 Qe7 25.h4 Ne1 26.Bh1 Bc2 27.Bd5+ Kf8 28.Ra2 Bb3 29.Rb2 Bxd5
30.Rxb8+ Kf7 31.Kf2 Nf3 32.Qe2 Bxc3 33.Qxe7+ Kxe7 34.Bb2 Be1+ 35.Kg2 Nxg5+
36.Kf1 Nf3 37.Nh1 Bxh4 38.Rh8 h5 39.Rh7+ Bf7 40.Nf2 Nd4 41.Bxd4 cxd4 42.Rh8 Bd5
43.Rh7+ Kf8 44.Rd7 Be7 45.Nh3 Ke8 46.Ra7 Bh4 47.Ng5 Bg3 48.Nh3 Bh4 49.Rc7 Bf3
50.Rg7 Bg4 51.Kg2 Bf6 52.Ra7 Be2 53.Nf2 h4 54.Rb7 Be7 55.Rb4 Bf6 56.Rb2 Bh5
57.Rb7 Kd8 58.Kh3 Bf3 59.Ra7 Bd5 60.Kh2 Bf3 61.Kh3 Be2 62.Ra2 Bf3 63.Ra7 Ke8
64.Kh2 Be7 65.Ra4 Kf7 66.Rxd4 Ke6 67.Nh3 Kd7 68.Ra4 Kc6 69.Ng5 Be2 70.d4 Bg4
71.Ra5 Bf6 72.Ne6 Be2 73.d5+ Kb6 74.Ra3 Bc4 75.Nf8 Kb5 76.Nxg6 Kc5 77.Ra8 Kxd5
78.Re8 Bd3 79.Re3 Be4 80.Kh3 Kc4 81.Nxh4 d5 82.Nf3 d4 83.Nd2+ Kd5 84.Ra3 d3
85.Kg3 Kd4 86.Ra6 Be7 87.Ra4+ Kc3 88.Nxe4+ fxe4 89.Rxe4 d2 90.Re3+ Kc4 91.Rxe7 d1=Q
92.Re5 Kd4 93.Kf2 Qg4 94.Re3 Qxf4+ 95.Rf3 Qh2+ 96.Kf1 Ke4 97.Ra3 Qc2 98.Rg3 Kf4
99.Rh3 Qd1+ 100.Kf2 Qd2+ 101.Kf1 Kg4 102.Rh1 Kg3  0-1

[Event "III Tancat IM"]
[Site "Barcelona ESP"]
[Date "2011.10.01"]
[Round "1"]
[White "Sanchez Ibern,M"]
[Black "Rojas Keim,L"]
[Result "1/2-1/2"]
[WhiteElo "2337"]
[BlackElo "2408"]

1.e4 c5 2.Nf3 Nc6 3.Nc3 d6 4.d4 cxd4 5.Nxd4 Nf6 6.Bg5 e6 7.Qd2 a6 8.O-O-O Bd7
9.f3 Rc8 10.Kb1 Be7 11.h4 h6 12.Be3 b5 13.Nxc6 Bxc6 14.Ne2 d5 15.e5 Nd7 16.Qd4 Bb7
17.f4 f6 18.Qd3 O-O 19.Nd4 Nc5 20.Qg6 Qe8 21.Qxe8 Rfxe8 22.Bd3 fxe5 23.fxe5 Nxd3
24.cxd3 Bc5 25.Rh3 Bxd4 26.Bxd4 Rf8 27.Be3 d4 28.Bxd4 Bxg2 29.Rg3 Bd5 30.Rdg1 Rc7
31.Bb6 Rcf7 32.Kc2 Rd7 33.Be3 Kh7 34.b3 b4 35.Rg4 a5 36.Bb6 Ra8 37.Kd2 Ra6
38.Bc5 Rf7 39.R1g3 h5 40.Rd4 Rc6 41.Bd6 Rf2+ 42.Ke3 Rxa2 43.Rxd5 exd5 44.Kd4 a4
45.Kxd5 axb3 46.e6 Rc8 47.d4 Rc3 48.e7 Ra8 49.Rg2 Rc2 50.Rg3 Rc3 51.Rg2 Re3
52.Be5 Rc3 53.Rxg7+ Kh6 54.Rg1 b2 55.Rb1 Kg6 56.Rxb2 Kf7 57.Rxb4 Ra5+ 58.Ke4 Kxe7
59.Rb7+ Ke8 60.Rb8+ Kf7 61.Rh8 Kg6 62.Rg8+ Kf7 63.Rb8 Rc2 64.Kf5 Rg2 65.Rb7+ Kg8
66.Rb8+ Kf7 67.Rb7+ Kg8 68.Rb6 Rg4 69.Rg6+ Rxg6 70.Kxg6 Ra2 71.d5 Ra5 72.Bf6 Rxd5
73.Bg5 Rb5 74.Kxh5 Kf7  1/2-1/2

[Event "TCh-CZE Liga 1 Zapad"]
[Site "Czech Rep CZE"]
[Date "2011.10.02"]
[Round "1.1"]
[White "Svoboda, Vaclav2"]
[Black "Nun, Jiri"]
[Result "1-0"]
[WhiteElo "2321"]
[BlackElo "2372"]

1.e4 c5 2.Nf3 Nc6 3.Nc3 Nf6 4.Bb5 g6 5.e5 Nh5 6.d3 Ng7 7.Bh6 Ne6 8.Bxf8 Rxf8
9.Bxc6 dxc6 10.Ne4 Qa5+ 11.c3 Bd7 12.O-O O-O-O 13.Qd2 Qa6 14.Qe3 c4 15.d4 Kb8
16.Nfd2 b5 17.b3 cxb3 18.Nxb3 Qa3 19.Rfb1 Ka8 20.Qf3 Nc7 21.Ng5 h6 22.Nc5 Nd5
23.Rb3 Qxc5 24.dxc5 hxg5 25.a4 g4 26.Qe2 Rb8 27.axb5 cxb5 28.Qa2 Rb7 29.Ra3  1-0

[Event "TCh-CZE Liga1 Vychod"]
[Site "Czech Rep CZE"]
[Date "2011.10.02"]
[Round "1"]
[White "Senkyr, Martin"]
[Black "Neoral, Antonin"]
[Result "0-1"]
[WhiteElo "2202"]
[BlackElo "2150"]

1.e4 c5 2.Nf3 Nc6 3.Nc3 g6 4.d4 cxd4 5.Nxd4 Bg7 6.Be3 Nf6 7.Nxc6 bxc6 8.e5 Ng8
9.f4 f6 10.f5 fxe5 11.fxg6 Nf6 12.gxh7 d5 13.Bg5 Rb8 14.Bxf6 exf6 15.Qh5+ Kf8
16.Qh4 Qb6 17.Nd1 Bf5 18.Bd3 Rxh7 19.Qg3 Bxd3 20.cxd3 Qb4+ 21.Ke2 Bh6 22.Qe1 Qg4+
23.Kf1 Qf5+ 24.Ke2 Rg7 25.Qf2 Qg6 26.g3 f5 27.b3 Kg8 28.Nc3 f4 29.gxf4 exf4
30.Kd2 f3+ 31.Kc2 Qg2 32.Qxg2 Rxg2+ 33.Kd1 Rd2+ 34.Ke1 Re8+ 35.Kf1 Be3 36.Nd1 Bd4
37.Rc1 f2 38.Kg2 Re1 39.Rf1 Rde2 40.Nc3 Re6 41.Ne4 Rxf1  0-1

[Event "1st Qinhuangdao Open"]
[Site "Qinhuangdao CHN"]
[Date "2011.10.03"]
[Round "4"]
[White "Xu,Yining"]
[Black "Wu Wenjin"]
[Result "0-1"]
[WhiteElo "2244"]
[BlackElo "2387"]

1.e4 c5 2.Nf3 Nc6 3.Nc3 e5 4.Bc4 d6 5.d3 Be7 6.O-O Bg4 7.h3 Bh5 8.Ne2 Bxf3
9.gxf3 Bg5 10.f4 exf4 11.Nxf4 Bxf4 12.Bxf4 Qf6 13.Qg4 Nd4 14.Kg2 h5 15.Qg3 h4
16.Qg4 Nh6 17.Qg5 Qxg5+ 18.Bxg5 Nxc2 19.Rac1 Nd4 20.Bxh4 Nhf5 21.Bg3 Nh4+
22.Kh1 Rd8 23.Rfe1 g5 24.Re3 Ng6 25.Bd5 Nf4 26.h4 Nfe2 27.Rf1 b6 28.Kg2 Nf4+
29.Bxf4 gxf4 30.Rh3 Ke7 31.f3 Rdg8+ 32.Kf2 Rh5 33.a3 a5 34.Rfh1 Kf6 35.R1h2 Nc2
36.Rg2 Rxg2+ 37.Kxg2 Ne1+ 38.Kf1 Nxd3 39.b3 b5 40.Ke2 Ne5 41.Rh1 Rh8 42.h5  0-1

[Event "Oslo GM Open"]
[Site "Oslo NOR"]
[Date "2011.10.04"]
[Round "4.5"]
[White "Kulaots,K"]
[Black "De Firmian,N"]
[Result "1/2-1/2"]
[WhiteElo "2592"]
[BlackElo "2516"]

1.e4 c5 2.Nf3 Nc6 3.Nc3 e5 4.Bc4 Be7 5.d3 d6 6.Nd2 Bg5 7.Nf1 Bxc1 8.Rxc1 Nf6
9.Ne3 O-O 10.O-O a6 11.Ncd5 Nxd5 12.Bxd5 Ne7 13.Bb3 Be6 14.Bxe6 fxe6 15.Qg4 Rf6
16.f4 exf4 17.Rxf4 Rxf4 18.Qxf4 Ng6 19.Qg3 Qe7 20.Rf1  1/2-1/2

[Event "20th TCh-CRO 1a"]
[Site "Sibenik CRO"]
[Date "2011.10.04"]
[Round "1.5"]
[White "Biti,O"]
[Black "Sinanovic,M"]
[Result "1-0"]
[WhiteElo "2398"]
[BlackElo "2403"]

1.e4 c5 2.Nc3 Nc6 3.Bb5 Nd4 4.Bc4 e6 5.Nf3 Ne7 6.Nxd4 cxd4 7.Ne2 Nc6 8.O-O Be7
9.d3 O-O 10.Bb3 b5 11.f4 a5 12.a4 Ba6 13.f5 bxa4 14.Bxa4 Qb6 15.Nf4 Ne5 16.Qh5 Bf6
17.Qh3 g6 18.Qg3 Kh8 19.fxe6 fxe6 20.Nh5 gxh5 21.Rxf6 Ng4 22.Rxf8+ Rxf8 23.Bf4 Qxb2
24.Rf1 d6 25.h3  1-0

[Event "20th TCh-CRO 1a"]
[Site "Sibenik CRO"]
[Date "2011.10.04"]
[Round "1.1"]
[White "Rogulj,B"]
[Black "Doric,N"]
[Result "1/2-1/2"]
[WhiteElo "2394"]
[BlackElo "2332"]

1.e4 c5 2.Nc3 Nc6 3.Bb5 Nd4 4.Bc4 Nf6 5.d3 e6 6.Nf3 a6 7.Nxd4 cxd4 8.Ne2 Bc5
9.O-O d5 10.exd5 Nxd5 11.Nf4 Nxf4 12.Bxf4 Bd6  1/2-1/2

[Event "20th TCh-CRO 1a"]
[Site "Sibenik CRO"]
[Date "2011.10.04"]
[Round "1.4"]
[White "Zivkovic,Vj"]
[Black "Armanda,I"]
[Result "1/2-1/2"]
[WhiteElo "2379"]
[BlackElo "2396"]

1.e4 c5 2.Nf3 Nc6 3.Nc3 g6 4.d4 cxd4 5.Nxd4 Bg7 6.Be3 Nf6 7.Bc4 O-O 8.Bb3 d6
9.f3 Bd7 10.Qd2 Nxd4 11.Bxd4 b5 12.a4 b4 13.Nd5 Nxd5 14.Bxg7 Kxg7 15.exd5  1/2-1/2

[Event "20th TCh-CRO 1a"]
[Site "Sibenik CRO"]
[Date "2011.10.05"]
[Round "2.5"]
[White "Stojkovic,A"]
[Black "Kozul,Z"]
[Result "0-1"]
[WhiteElo "1992"]
[BlackElo "2541"]

1.e4 c5 2.Ne2 Nc6 3.Nbc3 d6 4.d4 cxd4 5.Nxd4 Nf6 6.Bg5 e6 7.Be2 Be7 8.O-O O-O
9.Nxc6 bxc6 10.Be3 d5 11.exd5 cxd5 12.f4 Qa5 13.Kh1 Ba6 14.Bxa6 Qxa6 15.f5 Bd6
16.Bf4 Bxf4 17.Rxf4 e5 18.Rh4 Qb7 19.Rb1 Rac8 20.a4 Rfd8 21.h3 d4 22.Nb5 Qd7
23.g4 h6 24.b3 Qd5+ 25.Kh2 Qe4 26.Rc1 Qf4+ 27.Kh1 Ne4 28.Qe1 d3  0-1

[Event "20th TCh-CRO 1b"]
[Site "Sibenik CRO"]
[Date "2011.10.05"]
[Round "2.2"]
[White "Vargic,D"]
[Black "Sasvari,Z"]
[Result "1/2-1/2"]
[WhiteElo "2353"]
[BlackElo "2242"]

1.e4 c5 2.Nf3 Nc6 3.Nc3 g6 4.d4 cxd4 5.Nxd4 Bg7 6.Be3 Nf6 7.Bc4 O-O 8.f3 Qb6
9.Bb3 Nxe4 10.Nd5 Qa5+ 11.c3 Nf6 12.Ne2 Nxd5 13.Bxd5 e6 14.Bb3 d5 15.Qd2 Rd8
16.O-O-O b5 17.a3 Bb7 18.h4 Rac8 19.Kb1 Ne5 20.Bg5 Rd7 21.h5 Nc4 22.Bxc4 Rxc4
23.Bh6 Bf6 24.Bg5 Qd8 25.Bxf6 Qxf6 26.hxg6 fxg6 27.Qe3 e5 28.Rhe1 a5 29.f4 Qf5+
30.Ka1 Re4 31.Qb6 b4 32.Ng3 Rxe1 33.Rxe1 Qg4 34.fxe5 Bc8 35.Qb8 Rb7 36.Qd6 Rd7
37.Qc5 Rf7 38.Ne2 bxa3 39.Qxa3 Ba6 40.Nd4 Qg3 41.Rc1 Qe3 42.Rd1 Qxe5 43.Qxa5 Bc4
44.b3 Qb8 45.Nc6 Qxb3 46.Rb1 Qc2 47.Nd4 Qxg2 48.Ne6 Rf1 49.Qd8+ Kf7 50.Ng5+ Kg7
51.Ne6+ Kf7 52.Ng5+ Kg7 53.Ne6+ Kf7 54.Ng5+  1/2-1/2

[Event "20th TCh-CRO 1b"]
[Site "Sibenik CRO"]
[Date "2011.10.05"]
[Round "2.1"]
[White "Plenkovic,Z"]
[Black "Zelenika,S"]
[Result "1-0"]
[WhiteElo "2382"]
[BlackElo "2320"]

1.e4 c5 2.Nf3 Nc6 3.Nc3 e5 4.Bc4 Be7 5.d3 Nf6 6.Nd2 d6 7.Nf1 Bg4 8.f3 Be6
9.Ne3 a6 10.a4 O-O 11.O-O Nb4 12.Qe2 Re8 13.Bd2 Bf8 14.Be1 Nh5 15.g3 g6 16.Ncd5 Nxd5
17.Bxd5 Rb8 18.Kh1 Bh6 19.Bxe6 fxe6 20.Ng4 Bg7 21.a5 Nf6 22.Ne3 d5 23.b3 Qd6
24.Bd2 Rbd8 25.Bc1 Nd7 26.Ng4 Rf8 27.Bg5 Rde8 28.h4 Nb8 29.Qh2 h5 30.Ne3 Kh7
31.g4 Nc6 32.gxh5 gxh5 33.Qe2 Qd7 34.f4 exf4 35.Qxh5+ Kg8 36.Ng4 Qf7 37.Nh6+ Bxh6
38.Qxh6 Qg7 39.Rg1 Qxh6 40.Bxh6+ Kh7 41.Bxf8 Rxf8 42.exd5 exd5 43.Rg5  1-0

[Event "1st Qinhuangdao Open"]
[Site "Qinhuangdao CHN"]
[Date "2011.10.06"]
[Round "8"]
[White "Li Chao2"]
[Black "Wan Yunguo"]
[Result "1/2-1/2"]
[WhiteElo "2710"]
[BlackElo "2459"]

1.e4 c5 2.Nf3 Nc6 3.Nc3 Nf6 4.Bb5 Qc7 5.O-O Nd4 6.Re1 a6 7.Bc4 d6 8.Nd5 Nxd5
9.exd5 g6 10.Nxd4 cxd4 11.d3 h6 12.Bf4 Bg7 13.Qd2 Bf5 14.h4 Bf6 15.Bxh6 O-O-O
16.Bg5 Bxg5 17.Qxg5 f6 18.Qf4 Rh7 19.g3 Qd7 20.Qxd4 g5 21.f3 Rg8 22.Kh2 gxh4
23.g4 Rhg7 24.Rg1 Bh7 25.Rae1 Kb8 26.Qf2 f5 27.g5 f4 28.Re6 Bf5 29.Rh6 h3
30.Qd4 Qa4 31.Qc3 Bc8 32.g6 Qe8 33.Qd4 Rxg6 34.Rhxg6 Rxg6 35.Qf2 Rxg1 36.Qxg1 Qh5
37.Qf2 Qe5 38.d4 Qe3 39.Qxe3 fxe3 40.Be2 b5 41.c3 Kc7 42.Kg3 e5 43.dxe6 Bxe6
44.b3 Kb6 45.Bf1 a5 46.d5 Bf5 47.b4 a4 48.a3 Bd7 49.Bd3 Kc7 50.Be2 Kd8 51.Bf1 Ke7
52.Be2 Kf6 53.f4 Bf5 54.Kh2 Bc8 55.Kg3 Bd7 56.Bd1 Bc8 57.Be2 Bf5 58.Kh2 Bd7
59.Kg3 Bc8 60.Bd1 Bf5 61.Be2 Kg7 62.Kh2 Kh6 63.Kg3 Kg7 64.Kh2 Kf7 65.Kg3 Kf6
66.Kh2 Bd7  1/2-1/2

[Event "TCh-ISL Div1 2011-12"]
[Site "Reykjavik ISL"]
[Date "2011.10.07"]
[Round "1.4"]
[White "Tairi,F"]
[Black "Olafsson,H1"]
[Result "0-1"]
[WhiteElo "2307"]
[BlackElo "2523"]

1.e4 c5 2.Nf3 Nc6 3.Nc3 Nf6 4.d4 cxd4 5.Nxd4 Qb6 6.Be3 Qa5 7.Nb3 Qc7 8.f4 d6
9.Be2 e6 10.g4 a6 11.g5 Nd7 12.O-O b5 13.Qe1 Rb8 14.Rd1 Nb6 15.Qg3 b4 16.Nb1 Na4
17.Bc1 a5 18.Rf2 g6 19.N1d2 Nb6 20.Nf3 d5 21.Nfd4 Nxd4 22.Nxd4 Bc5 23.Be3 Bd7
24.Nb5 Bxb5 25.Bxb5+ Ke7 26.Qf3 dxe4 27.Qxe4 Rhd8 28.Rfd2 Rxd2 29.Rxd2 Rc8
30.Bd4 Nd5 31.Rf2 Bxd4 32.Qxd4 Qc5 33.Qxc5+ Rxc5 34.Bd3 Nb6 35.Rf1 Nd5 36.Rf3 Kd6
37.Kg2 Nb6 38.Rf1 Nc4 39.Bxc4 Rxc4 40.Rf2 Kc5 41.Kf3 Rd4 42.Ke2 Kd5 43.c3 bxc3
44.bxc3 Re4+ 45.Kd3 Ra4 46.Rb2 Rxf4 47.Rb5+ Kc6 48.Rxa5 Rh4 49.Ra7 Rxh2 50.a4 Rf2
51.Kc4 Rf4+ 52.Kb3 Kb6 53.Rd7 Rf5 54.Kb4 Rxg5 55.Rxf7 h5 56.Rf6 h4 57.Rxe6+ Kc7
58.Kc4 h3 59.Re1 h2 60.Rh1 Rg2  0-1

[Event "20th TCh-CRO 1a"]
[Site "Sibenik CRO"]
[Date "2011.10.07"]
[Round "4.3"]
[White "Sax,G"]
[Black "Saric,Iv"]
[Result "0-1"]
[WhiteElo "2492"]
[BlackElo "2643"]

1.e4 c5 2.Nf3 Nc6 3.Nc3 Nf6 4.Bb5 Qc7 5.O-O Nd4 6.Be2 e6 7.Nxd4 cxd4 8.Nb5 Qb6
9.e5 a6 10.Nxd4 Qxd4 11.exf6 Qxf6 12.d4 d5 13.a4 Bd6 14.c3 O-O 15.Be3 Bd7
16.Qd2 h6 17.Bd3 Rfb8 18.a5 Rc8 19.Rfe1 Bb5 20.Bxb5 axb5 21.Qd3 b4 22.Bd2 Qe7
23.g3 bxc3 24.bxc3 Rc4 25.Reb1 Ra7 26.Rb5 Rc6 27.Qb1 Qc7 28.Qb3 Rca6 29.Kg2 Qc6
30.Ra2 Bc7 31.Rc5 Qd7 32.c4 b6 33.axb6 Bxb6 34.Rxa6 Rxa6 35.Rb5 dxc4 36.Qxc4 Qxd4
37.Qc8+ Kh7 38.Qc2+ g6 39.Be3 Qd6 40.Bf4 Qd7 41.Rh5 Ra5 42.Rxh6+ Kg7 43.Rh4 Qd5+
44.Kh3 Qf5+ 45.Qxf5 gxf5 46.Bd2 Ra2 47.Bc3+ f6 48.Rb4 Bxf2 49.Rb2 Rxb2 50.Bxb2 e5
51.Kg2 Be3 52.Kf3 Bh6 53.h4 Kg6 54.Kg2 Kh5 55.Kh3 Bd2 56.Ba3 f4 57.gxf4 Bxf4
58.Be7 f5 59.Bd6 Kg6 60.Bc7 Kf6 61.Bd8+ Ke6 62.h5 e4 63.Kg2 Kf7 64.Kh3 Kg7
65.Be7 Bd2 66.Kh4 Kf7 67.Bc5 e3  0-1

[Event "20th TCh-CRO 1b"]
[Site "Sibenik CRO"]
[Date "2011.10.07"]
[Round "4.2"]
[White "Mrdja,M"]
[Black "Zelenika,S"]
[Result "1-0"]
[WhiteElo "2402"]
[BlackElo "2320"]

1.e4 c5 2.Nf3 Nc6 3.Nc3 e5 4.Bc4 Be7 5.d3 d6 6.Nd2 Nf6 7.Nf1 Bg4 8.Qd2 a6
9.Ne3 Be6 10.a4 Nb4 11.O-O O-O 12.Re1 Re8 13.b3 Bf8 14.Ba3 Nc6 15.Ncd5 Nd7
16.b4 cxb4 17.Bxb4 g6 18.Reb1 Rb8 19.a5 f5 20.exf5 gxf5 21.Nxf5 Bxf5 22.Ne7+ Kh8
23.Nxf5 Nxb4 24.Rxb4 d5 25.Bxd5 Bxb4 26.Qxb4 Nf6 27.Bb3 Qc7 28.Qd6 Qxd6 29.Nxd6 Re7
30.Re1 Rf8 31.f4 Nd7 32.g3 Kg7 33.d4 e4 34.Kf2 Nb8 35.d5 Nd7 36.Ke3 b6 37.g4 Kh8
38.Nf5 Ree8 39.axb6 Nxb6 40.Ra1 Ra8 41.Ra5 Nd7 42.h3 Rfc8 43.Kxe4 Nc5+ 44.Kd4 Nb7
45.Ra3 a5 46.Ba4 Ra6 47.Rb3 Ra7 48.Ne7 Rxc2 49.Nc6 Ra8 50.Rxb7 Ra2 51.Bb5 a4
52.Bc4 Rd2+ 53.Bd3 Kg8 54.Kc3 Rd1 55.Rb1  1-0

[Event "TCh-ISL Div1 2011-12"]
[Site "Reykjavik ISL"]
[Date "2011.10.08"]
[Round "2.1"]
[White "Tairi,F"]
[Black "Thorhallsson,T"]
[Result "1/2-1/2"]
[WhiteElo "2307"]
[BlackElo "2388"]

1.e4 c5 2.Nf3 Nc6 3.Nc3 d6 4.Bc4 Nf6 5.d4 cxd4 6.Nxd4 Qb6 7.Be3 Qxb2 8.Ndb5 Qb4
9.Qe2 Qa5 10.Bd2 Qd8 11.Nd5 Nxd5 12.exd5 Ne5 13.Bb3 a6 14.f4 Ng4 15.Na3 Nf6
16.Nc4 Bg4 17.Qd3  1/2-1/2

[Event "11th Winterthur Open"]
[Site "Winterthur SUI"]
[Date "2011.10.08"]
[Round "1"]
[White "Lapp,K"]
[Black "Ulibin,M"]
[Result "0-1"]
[WhiteElo "2108"]
[BlackElo "2561"]

1.e4 c5 2.Nc3 Nc6 3.Bb5 Nd4 4.Ba4 Qa5 5.Nf3 b5 6.Nxd4 cxd4 7.Nxb5 Qxa4 8.Nc7+ Kd8
9.Nxa8 Bb7 10.f3 Bxa8 11.b3 Qb5 12.d3 e6 13.O-O Ne7 14.c4 dxc3 15.Be3 Nc6
16.Rc1 Qa5 17.d4 Ba3 18.Rc2 Bb2 19.d5 exd5 20.exd5 Nb4 21.Rxb2 cxb2 22.Qd4 Nxd5
23.Qe5 Re8 24.Qb8+ Ke7 25.Qe5+ Kf8 26.Qd6+ Kg8 27.Bd4 Qd2 28.Bf2 Qd3  0-1

[Event "TCh-POL Ekstraliga"]
[Site "Katowice POL"]
[Date "2011.10.09"]
[Round "9"]
[White "Kryvoruchko,Y"]
[Black "Zhigalko,S"]
[Result "1-0"]
[WhiteElo "2640"]
[BlackElo "2679"]

1.e4 c5 2.Nf3 Nc6 3.Nc3 Nf6 4.Bb5 Qc7 5.d3 d6 6.O-O e6 7.Bg5 Bd7 8.Bxc6 Bxc6
9.Bxf6 gxf6 10.d4 cxd4 11.Nxd4 h5 12.Nxc6 bxc6 13.Qf3 Be7 14.Ne2 d5 15.c4 dxe4
16.Qxe4 f5 17.Qf3 Bf6 18.Rab1 Rd8 19.b4 h4 20.Rbd1 Be5 21.Rxd8+ Kxd8 22.h3 Ke7
23.Nc1 Qb6 24.Nd3 Bf6 25.Re1 Qd4 26.Qxf5 Qxc4 27.Ne5 Qd5 28.Qf4 Bxe5 29.Rxe5 Qd1+
30.Kh2 Qd6 31.Qg5+ Ke8 32.f4 Qxb4 33.Re3 Qd6 34.Rb3 Qc7 35.Kh1 a6 36.Rb1 c5
37.f5 Rf8 38.Qxh4 c4 39.Rc1 c3 40.Qb4 a5 41.Rxc3 axb4 42.Rxc7 exf5 43.Kg1 Kd8
44.Ra7 Re8 45.Ra8+  1-0

[Event "Oslo GM Open"]
[Site "Oslo NOR"]
[Date "2011.10.09"]
[Round "9.9"]
[White "Van Eijk,S"]
[Black "De Firmian,N"]
[Result "1/2-1/2"]
[WhiteElo "2372"]
[BlackElo "2516"]

1.e4 c5 2.Nc3 Nc6 3.Nge2 Nf6 4.d4 cxd4 5.Nxd4 Qb6 6.Nxc6 dxc6 7.e5 Ng4 8.Qe2 g6
9.h3 Nh6 10.g4 Bg7 11.Bg2 O-O 12.Bd2 Qxb2 13.Rb1 Qa3 14.O-O f5 15.exf6 exf6
16.Qc4+ Nf7 17.Ne4 a5 18.Be3 Re8 19.Bc5 Rxe4 20.Bxe4 Qxh3 21.Bg2 Qxg4 22.Qxg4 Bxg4
23.Rxb7 Nd8 24.Rb6 Bf5 25.Rfb1 Bf8 26.Bxf8 Kxf8 27.Rb8 Rxb8 28.Rxb8 Ke7 29.c3 Bc2
30.Kf1 h5 31.Ke2 g5 32.Ra8 h4 33.Rxa5 g4 34.Ke3 f5 35.a4 Kd6 36.Kd2 h3 37.Bh1 Bb1
38.Ra8 Kc7 39.Ke1 Bd3 40.Ra7+ Nb7 41.Ra8 Nd8 42.a5 Ne6 43.a6 Nc5 44.a7 Kb6
45.f3 Ba6 46.Kd2 gxf3 47.Bxf3 Ne4+ 48.Kc2 Nf2 49.Rc8 Kxa7 50.Rxc6 Bf1 51.Rg6 Bd3+
52.Kd2 Be4 53.Bxe4 Nxe4+ 54.Kc2 Nf2 55.Rh6 f4 56.c4 f3 57.Kd2 Ne4+ 58.Ke3 f2
59.Ke2 Nd2 60.Kxf2 Nxc4 61.Rxh3 Kb6 62.Rh5 Kc6 63.Ke2 Kd6 64.Kd3 Ne5+ 65.Ke4 Nc6
66.Rd5+ Ke6 67.Rc5 Ne7 68.Ra5 Nc6 69.Rh5 Kd6 70.Rh1  1/2-1/2

[Event "TCh-MNE 1st League"]
[Site "Tivat MNE"]
[Date "2011.10.09"]
[Round "2.2"]
[White "Rabrenovic,M"]
[Black "Benderac,S"]
[Result "1/2-1/2"]
[WhiteElo "2264"]
[BlackElo "2332"]

1.e4 c5 2.Nc3 Nc6 3.Bb5 Nd4 4.Bc4 e6 5.Nge2 a6 6.Nxd4 cxd4 7.Ne2 Nf6 8.d3 Bc5
9.O-O d5 10.exd5 Nxd5 11.Nf4 Nxf4 12.Bxf4 Bd6 13.Qg4 Bxf4 14.Qxf4 O-O 15.Rfe1 b5
16.Bb3 Qf6 17.Qc7 Qd8 18.Qe5 Qf6 19.Qc7  1/2-1/2

[Event "Belgrade Premier League 2011"]
[Site "Belgrade SRB"]
[Date "2011.10.10"]
[Round "9.2"]
[White "Jocev,M"]
[Black "Dimitrijevic,R"]
[Result "1/2-1/2"]
[WhiteElo "2082"]
[BlackElo "2230"]

1.e4 c5 2.Nc3 Nc6 3.Bb5 d6 4.Bxc6+ bxc6 5.Nge2 g6 6.O-O Bg7 7.d3 Nf6 8.h3 Rb8
9.Rb1 O-O 10.Be3 Nd7 11.f4 Bb7 12.Na4 Qa5 13.c4 Nb6 14.Nxb6 axb6 15.a3 b5
16.cxb5 cxb5 17.f5 Qc7 18.Qd2 c4 19.Rbc1 Qd7 20.Nc3 cxd3 21.Qxd3 Ba8 22.Bd4 Bh6
23.Rc2 b4 24.axb4 Rxb4 25.Rcf2 Bc6 26.f6 exf6 27.Bxf6 Qe6 28.Nd5 Bxd5 29.exd5 Qe4
30.Qxe4 Rxe4 31.Kh1 Rfe8  1/2-1/2